[Event "South Moravia Region-chT 2223"]
[Site "Czech Republic"]
[Date "2023.03.19"]
[Round "10.3"]
[White "Pokorny, Petr"]
[Black "Vechet, Stanislav"]
[Result "1/2-1/2"]
[WhiteElo "2113"]
[BlackElo "2155"]
[PlyCount "92"]
[EventDate "2022.10.09"]
[EventType "team-tourn"]
[EventRounds "11"]
[EventCountry "CZE"]
[SourceTitle "EXT 2024"]
[Source "ChessBase"]
[SourceDate "2023.10.10"]
[SourceVersion "1"]
[SourceVersionDate "2023.10.10"]
[SourceQuality "1"]

1. d4 d5 2. c4 e6 3. Nc3 Nf6 4. cxd5 exd5 5. Bg5 c6 6. Qc2 h6 7. Bh4 Be7 8. e3 0-0 9. Bd3 Re8 10. Nf3 Nbd7 11. 0-0 Ne4 12. Bxe7 Qxe7 13. Nd2 Nxd2 14. Qxd2 Nf6 15. Rfe1 Bd7 16. Qc2 Qd6 17. Ne2 Ng4 18. Ng3 h5 19. Bh7+ Kh8 20. Bf5 Bxf5 21. Qxf5 g6 22. Qg5 Qf6 23. Qxf6+ Nxf6 24. Rec1 a5 25. Ne2 Ne4 26. h4 Kg7 27. Nf4 Ra6 28. Nd3 Rb6 29. b3 Ra6 30. Nc5 Ra7 31. Nxe4 Rxe4 32. g3 Kf8 33. a3 Ke7 34. Rc5 Kd7 35. Rac1 Re6 36. R5c3 Ra8 37. Kf1 Ra6 38. Ke2 Ra8 39. Kd3 Rf6 40. R1c2 Re6 41. Ke2 Rd6 42. Kd3 Re6 43. Ke2 Rd6 44. Rd2 Re6 45. Rd1 Ra6 46. Kd3 Ra8 1/2-1/2

[Event "CZE-chT2E 2223"]
[Site "Czech Republic"]
[Date "2023.02.19"]
[Round "9.3"]
[White "Straka, Vojtech1111"]
[Black "Vechet, Stanislav"]
[Result "1/2-1/2"]
[WhiteElo "1997"]
[BlackElo "2180"]
[PlyCount "29"]
[EventDate "2022.10.16"]
[EventType "team-tourn"]
[EventRounds "11"]
[EventCountry "CZE"]
[SourceTitle "EXT 2024"]
[Source "ChessBase"]
[SourceDate "2023.10.10"]
[SourceVersion "1"]
[SourceVersionDate "2023.10.10"]
[SourceQuality "1"]
[WhiteTeam "Brno Lokomotiva"]
[BlackTeam "Orechov Orel"]
[WhiteTeamCountry "CZE"]
[BlackTeamCountry "CZE"]

1. c4 e5 2. Nc3 Nc6 3. g3 Nf6 4. Bg2 d6 5. e3 Bf5 6. d3 Be7 7. Nge2 0-0 8. 0-0 Qd7 9. Nd5 Bh3 10. Nxe7+ Nxe7 11. e4 Bxg2 12. Kxg2 Ne8 13. f4 f5 14. Nc3 Nf6 15. Qe2 1/2-1/2

[Event "CZE-chT2E 2122"]
[Site "Czech Republic"]
[Date "2021.12.19"]
[Round "5.2"]
[White "Vechet, Stanislav"]
[Black "Volak, Simon"]
[Result "1/2-1/2"]
[WhiteElo "2144"]
[BlackElo "2031"]
[PlyCount "100"]
[EventDate "2021.10.17"]
[EventType "team-tourn"]
[EventRounds "11"]
[EventCountry "CZE"]
[SourceTitle "EXT 2024"]
[Source "ChessBase"]
[SourceDate "2023.10.10"]
[SourceVersion "1"]
[SourceVersionDate "2023.10.10"]
[SourceQuality "1"]
[WhiteTeam "Kurim"]
[BlackTeam "Brno Lokomotiva"]
[WhiteTeamCountry "CZE"]
[BlackTeamCountry "CZE"]

1. d4 Nf6 2. c4 g6 3. Nc3 Bg7 4. e4 d6 5. Be2 0-0 6. h4 c5 7. d5 e6 8. h5 exd5 9. h6 Bh8 10. cxd5 Re8 11. Qc2 Nbd7 12. Bg5 Qa5 13. Bd2 a6 14. Kf1 b5 15. Nxb5 Qb6 16. Nc3 Rb8 17. Rb1 a5 18. b3 Ba6 19. Na4 Qa7 20. Rh4 Ne5 21. Nb2 Bxe2+ 22. Nxe2 Qa6 23. Rd1 Rb7 24. f3 Reb8 25. Bc3 Re7 26. Bxe5 Rxe5 27. Nc4 Ree8 28. Nc3 Nd7 29. a4 Bf6 30. Rh3 Ne5 31. Nb5 Rxb5 32. axb5 Qxb5 33. f4 Nxc4 34. bxc4 Qd7 35. Qd3 Bd4 36. Re1 a4 37. Qd1 f6 38. Ra3 Ra8 39. Qf3 Bb2 40. Ra2 a3 41. Rb1 Re8 42. Kf2 f5 43. Re1 Qe7 44. e5 dxe5 45. fxe5 Qh4+ 46. g3 Qxc4 47. Rxa3 Bxa3 48. Qxa3 Qd4+ 49. Re3 Qd2+ 50. Re2 Qd4+ 1/2-1/2

[Event "CZE-chT1E 2122"]
[Site "Czech Republic"]
[Date "2021.12.12"]
[Round "5.1"]
[White "Vechet, Stanislav"]
[Black "Musil, Vitezslav"]
[Result "1-0"]
[WhiteElo "2144"]
[BlackElo "1880"]
[PlyCount "102"]
[EventDate "2021.10.09"]
[EventType "team-tourn"]
[EventRounds "11"]
[EventCountry "CZE"]
[SourceTitle "EXT 2023"]
[Source "ChessBase"]
[SourceDate "2022.10.05"]
[SourceVersion "1"]
[SourceVersionDate "2022.10.05"]
[SourceQuality "1"]
[WhiteTeam "Brno Moravska Slavia II"]
[BlackTeam "Grygov Proclient"]
[WhiteTeamCountry "CZE"]
[BlackTeamCountry "CZE"]

1. d4 Nf6 2. g3 g6 3. Bg2 Bg7 4. e4 d6 5. Nc3 c6 6. Nge2 0-0 7. h3 e5 8. Be3 Be6 9. 0-0 Qc8 10. Kh2 Na6 11. Qd2 Bc4 12. Rfe1 Nc7 13. b3 Bxe2 14. Nxe2 Rd8 15. Bh6 Bh8 16. d5 cxd5 17. exd5 Nce8 18. c4 Ng7 19. g4 Nfe8 20. Ng3 f5 21. gxf5 Nxf5 22. Nxf5 Qxf5 23. Be4 Qh5 24. Qg5 Qxg5 25. Bxg5 Rd7 26. Rac1 Rf7 27. Kg2 b6 28. b4 Bf6 29. Bd2 Bh4 30. Re2 Nf6 31. f3 Raf8 32. Bh6 Rc8 33. Be3 Kg7 34. c5 Ne8 35. cxb6 Rxc1 36. Bxc1 axb6 37. Be3 Bd8 38. Rc2 Rc7 39. Rxc7+ Bxc7 40. Kf2 Nf6 41. a4 Nd7 42. Ke2 Kf7 43. Kd3 Ke8 44. Kc4 Kd8 45. Bg5+ Kc8 46. Be7 Kb7 47. h4 Ka6 48. h5 b5+ 49. axb5+ Kb7 50. Bxg6 Nb6+ 51. Kb3 Nxd5 1-0

[Event "CZE-chT2E 1920"]
[Site "Czech Republic"]
[Date "2020.01.12"]
[Round "6.3"]
[White "Vechet, Stanislav"]
[Black "Zdrazil, Tomas"]
[Result "1/2-1/2"]
[WhiteElo "2112"]
[BlackElo "2131"]
[PlyCount "48"]
[EventDate "2019.10.13"]
[EventType "team-tourn"]
[EventRounds "11"]
[EventCountry "CZE"]
[SourceTitle "EXT 2024"]
[Source "ChessBase"]
[SourceDate "2023.10.10"]
[SourceVersion "1"]
[SourceVersionDate "2023.10.10"]
[SourceQuality "1"]
[WhiteTeam "Kurim"]
[BlackTeam "Kromeriz Slavia II"]
[WhiteTeamCountry "CZE"]
[BlackTeamCountry "CZE"]

1. d4 Nf6 2. c4 g6 3. Nc3 Bg7 4. e4 d6 5. h3 0-0 6. Nf3 e5 7. dxe5 dxe5 8. Qxd8 Rxd8 9. Bg5 Na6 10. Nd5 Rd6 11. Bxf6 Bxf6 12. Rc1 b6 13. b4 Bd8 14. c5 bxc5 15. bxc5 Rc6 16. Bxa6 Rxa6 17. 0-0 Rxa2 18. Nxe5 f6 19. Nc6 Bb7 20. Ndb4 Rb2 21. Rfd1 a5 22. Nxd8 Rxb4 23. Nxb7 Rxb7 24. Rd7 a4 1/2-1/2

[Event "Prague op-A 18th"]
[Site "Prague"]
[Date "2019.01.12"]
[Round "3"]
[White "Vechet, Stanislav"]
[Black "Skurniak, Szymon"]
[Result "1/2-1/2"]
[WhiteElo "2114"]
[BlackElo "1876"]
[PlyCount "46"]
[EventDate "2019.01.11"]
[EventType "swiss"]
[EventRounds "9"]
[EventCountry "CZE"]
[SourceTitle "CBM 188 Extra"]
[Source "ChessBase"]
[SourceDate "2019.02.26"]
[SourceVersion "1"]
[SourceVersionDate "2019.02.26"]
[SourceQuality "1"]

1. d4 Nf6 2. g3 g6 3. Bg2 d5 4. Nf3 Bg7 5. 0-0 0-0 6. c4 dxc4 7. Na3 c3 8. bxc3 c5 9. Nc4 Nc6 10. Bb2 Bf5 11. Nfe5 Nxe5 12. Nxe5 Nd7 13. f4 Nxe5 14. fxe5 Qb6 15. Qb3 Be6 16. Qxb6 axb6 17. Bxb7 Rxa2 18. Rxa2 Bxa2 19. Ra1 Bc4 20. Bf3 f6 21. dxc5 bxc5 22. Ra7 fxe5 23. Rxe7 Rf7 1/2-1/2

[Event "CZE-chT2D 1819"]
[Site "Czech Republic"]
[Date "2018.12.02"]
[Round "4.6"]
[White "Sykora, Josef"]
[Black "Vechet, Stanislav"]
[Result "1/2-1/2"]
[WhiteElo "2058"]
[BlackElo "2111"]
[PlyCount "35"]
[EventDate "2018.10.14"]
[EventType "team-tourn"]
[EventRounds "11"]
[EventCountry "CZE"]
[SourceTitle "EXT 2022"]
[Source "ChessBase"]
[SourceDate "2021.10.06"]
[SourceVersion "1"]
[SourceVersionDate "2021.10.06"]
[SourceQuality "1"]
[WhiteTeam "Pardubice Rapid"]
[BlackTeam "Brno Moravska Slavia II"]
[WhiteTeamCountry "CZE"]
[BlackTeamCountry "CZE"]

1. c4 e5 2. g3 Nc6 3. Bg2 Nf6 4. Nc3 d6 5. e3 Be7 6. Nge2 0-0 7. 0-0 Re8 8. b3 Bf8 9. Bb2 Bf5 10. d4 exd4 11. Nxd4 Nxd4 12. Qxd4 Qc8 13. Nd5 Nxd5 14. cxd5 Bh3 15. Rab1 Bxg2 16. Kxg2 c5 17. dxc6 bxc6 18. Qc4 1/2-1/2

[Event "CZE-chT2E 1718"]
[Site "Czech Republic"]
[Date "2018.02.25"]
[Round "9.8"]
[White "Pycha, Patrik"]
[Black "Vechet, Stanislav"]
[Result "1-0"]
[WhiteElo "2126"]
[BlackElo "2146"]
[PlyCount "117"]
[EventDate "2017.10.15"]
[EventType "team-tourn"]
[EventRounds "11"]
[EventCountry "CZE"]
[SourceTitle "EXT 2022"]
[Source "ChessBase"]
[SourceDate "2021.10.06"]
[SourceVersion "1"]
[SourceVersionDate "2021.10.06"]
[SourceQuality "1"]
[WhiteTeam "Jundrov Jezdci"]
[BlackTeam "Brno Moravska Slavia II"]
[WhiteTeamCountry "CZE"]
[BlackTeamCountry "CZE"]

1. e4 e5 2. Nf3 Nc6 3. Bb5 a6 4. Bxc6 dxc6 5. 0-0 Bg4 6. h3 Bxf3 7. Qxf3 Qd7 8. d3 f6 9. Nd2 Bd6 10. Nc4 Ne7 11. Qe2 Ng6 12. Be3 0-0 13. Rad1 c5 14. c3 Qe6 15. b3 Rfe8 16. f3 a5 17. Qf2 b6 18. a4 Rad8 19. Rd2 Rd7 20. Rfd1 Red8 21. Kh1 f5 22. exf5 Qxf5 23. d4 cxd4 24. cxd4 Bb4 25. g4 Qe6 26. Rd3 e4 27. fxe4 Qxe4+ 28. Qg2 Qe7 29. Bd2 Nh4 30. Bxb4 axb4 31. Qf2 Rf8 32. Qe3 Rf3 33. Qxe7 Rxe7 34. Ne5 Rxd3 35. Rxd3 c5 36. Nc6 Re1+ 37. Kh2 cxd4 38. Nxd4 Rc1 39. Kg3 g5 40. Ne2 Rc2 41. Re3 Kf7 42. Kf2 Kf6 43. Re4 Ng6 44. Ke3 Ne7 45. Kd3 Rc6 46. Rxb4 Nd5 47. Rd4 Ke5 48. Re4+ Kd6 49. Rc4 Rxc4 50. Kxc4 Nf6 51. Ng3 Kc6 52. Kd4 Nd5 53. Ne4 h6 54. Nf2 Kd6 55. Nd3 Nf6 56. Ne5 Ke6 57. b4 Nd5 58. a5 Nxb4 59. axb6 1-0

[Event "CZE-chT1E 1617"]
[Site "Czech Republic"]
[Date "2017.02.05"]
[Round "7.3"]
[White "Mudrak, Josef"]
[Black "Vechet, Stanislav"]
[Result "1/2-1/2"]
[WhiteElo "2299"]
[BlackElo "2141"]
[PlyCount "37"]
[EventDate "2016.10.16"]
[EventType "team-tourn"]
[EventRounds "11"]
[EventCountry "CZE"]
[SourceTitle "CBM 177 Extra"]
[Source "ChessBase"]
[SourceDate "2017.04.27"]
[SourceVersion "1"]
[SourceVersionDate "2017.04.27"]
[SourceQuality "1"]
[WhiteTeam "Kromeriz"]
[BlackTeam "Brno Moravska Slavia"]
[WhiteTeamCountry "CZE"]
[BlackTeamCountry "CZE"]

1. d4 Nf6 2. Nf3 e6 3. g3 c5 4. Bg2 d5 5. 0-0 Nc6 6. c4 dxc4 7. Qa4 Bd7 8. Qxc4 b5 9. Qd3 c4 10. Qd1 Rc8 11. b3 Bb4 12. a4 Na5 13. bxc4 bxc4 14. Ne5 0-0 15. Bg5 Be7 16. Nc3 h6 17. Be3 Bb4 18. Qc2 Nb3 19. Ra2 1/2-1/2

[Event "Wch Seniors 65 26th"]
[Site "Marianske Lazne"]
[Date "2016.11.22"]
[Round "4"]
[White "Vechet, Stanislav"]
[Black "Wheeler, Robert"]
[Result "1/2-1/2"]
[WhiteElo "2149"]
[BlackElo "2007"]
[PlyCount "103"]
[EventDate "2016.11.19"]
[EventType "swiss"]
[EventRounds "11"]
[EventCountry "CZE"]
[SourceTitle "CBM 175 Extra"]
[Source "ChessBase"]
[SourceDate "2016.12.12"]
[SourceVersion "1"]
[SourceVersionDate "2016.12.12"]
[SourceQuality "1"]

1. d4 Nf6 2. c4 g6 3. Nc3 d5 4. Nf3 Bg7 5. e3 0-0 6. b4 dxc4 7. Bxc4 b6 8. Ba3 Bb7 9. 0-0 Nd5 10. Rc1 e6 11. Re1 Nxc3 12. Rxc3 Nd7 13. e4 Re8 14. Qd3 c6 15. Ba6 Qc8 16. Bxb7 Qxb7 17. e5 Red8 18. Qe4 Rac8 19. b5 Nb8 20. Bd6 Bf8 21. Bxb8 Bb4 22. bxc6 Qxb8 23. c7 Rxc7 24. Rxc7 Qxc7 25. Rb1 Be7 26. h4 Rd5 27. Qf4 Qd8 28. Rc1 Rd7 29. Rc3 Rc7 30. Rd3 Kg7 31. h5 h6 32. hxg6 fxg6 33. d5 exd5 34. Nd4 Qc8 35. Rg3 Bg5 36. Rxg5 hxg5 37. Qf6+ Kh6 38. Ne6 Rb7 39. f4 Kh7 40. Nxg5+ Kh6 41. Ne6 Kh7 42. Nf8+ Kg8 43. Nxg6 Qc1+ 44. Kh2 Rh7+ 45. Nh4 Qe1 46. Qd8+ Kg7 47. Qf6+ Kg8 48. g3 Rg7 49. Qe6+ Kh7 50. Qf5+ Kg8 51. Qe6+ Kh7 52. Qf5+ 1/2-1/2

[Event "Wch Seniors 65 26th"]
[Site "Marianske Lazne"]
[Date "2016.11.20"]
[Round "2"]
[White "Vechet, Stanislav"]
[Black "Vaisser, Anatoli"]
[Result "1/2-1/2"]
[WhiteElo "2149"]
[BlackElo "2505"]
[PlyCount "123"]
[EventDate "2016.11.19"]
[EventType "swiss"]
[EventRounds "11"]
[EventCountry "CZE"]
[SourceTitle "CBM 175 Extra"]
[Source "ChessBase"]
[SourceDate "2016.12.12"]
[SourceVersion "1"]
[SourceVersionDate "2016.12.12"]
[SourceQuality "1"]

1. d4 Nf6 2. c4 c5 3. d5 b5 4. cxb5 a6 5. bxa6 g6 6. Nc3 Bg7 7. e4 0-0 8. e5 Ne8 9. Nf3 d6 10. Bf4 Nd7 11. exd6 Nxd6 12. Be2 Bxa6 13. 0-0 Qb6 14. Rb1 Rfb8 15. Bxa6 Rxa6 16. Qc2 Qb4 17. Bxd6 exd6 18. Rfc1 Nb6 19. a3 Qc4 20. Nd2 Qf4 21. Qd3 c4 22. Qe3 Qxe3 23. fxe3 Bh6 24. Kf2 Re8 25. Re1 f5 26. Rbd1 Ra5 27. Re2 Bg7 28. Ndb1 Nd7 29. e4 Ne5 30. exf5 Rf8 31. Kg1 gxf5 32. g3 f4 33. gxf4 Rxf4 34. Re4 Rf5 35. Nd2 Rg5+ 36. Kh1 Nd3 37. Rf1 Bxc3 38. bxc3 Raxd5 39. h4 Rgf5 40. Rxf5 Rxf5 41. Rxc4 d5 42. Rd4 Nf2+ 43. Kg1 Nd1 44. c4 Nc3 45. Kg2 Ne2 46. Rg4+ Kf7 47. cxd5 Nf4+ 48. Kh2 Nxd5 49. Ne4 Nf6 50. Nxf6 Kxf6 51. Kg3 Rc5 52. Rf4+ Ke6 53. a4 h5 54. Rb4 Rc1 55. a5 Rg1+ 56. Kf2 Ra1 57. Rb5 Kf6 58. Rxh5 Ra4 59. Ke3 Kg6 60. Rg5+ Kf6 61. Rh5 Kg6 62. Rg5+ 1/2-1/2

[Event "CZE-chT1E 1516"]
[Site "Czech Republic"]
[Date "2016.04.10"]
[Round "11.7"]
[White "Vechet, Stanislav"]
[Black "Nespor, Jakub"]
[Result "1/2-1/2"]
[WhiteElo "2166"]
[BlackElo "2000"]
[PlyCount "76"]
[EventDate "2015.10.11"]
[EventType "team-tourn"]
[EventRounds "11"]
[EventCountry "CZE"]
[SourceTitle "EXT 2017"]
[Source "ChessBase"]
[SourceDate "2016.10.25"]
[SourceVersion "1"]
[SourceVersionDate "2016.10.25"]
[SourceQuality "1"]
[WhiteTeam "Brno Moravska Slavia"]
[BlackTeam "Policka"]
[WhiteTeamCountry "CZE"]
[BlackTeamCountry "CZE"]

1. d4 Nf6 2. g3 g6 3. Bg2 Bg7 4. e4 d6 5. Nc3 0-0 6. Nge2 e5 7. h3 Nc6 8. Be3 Bd7 9. d5 Ne7 10. Qd2 b5 11. a3 a5 12. 0-0 Qc8 13. Kh2 Qb7 14. b4 axb4 15. axb4 Rxa1 16. Rxa1 Ra8 17. Qd1 Rxa1 18. Qxa1 c6 19. dxc6 Bxc6 20. Qa7 Qxa7 21. Bxa7 Bf8 22. f4 d5 23. fxe5 Nxe4 24. Nxe4 dxe4 25. Nd4 Bg7 26. Bb8 e3 27. Bd6 Nf5 28. Ne2 Nxd6 29. exd6 Bd7 30. Bf1 Be5 31. c3 Bxd6 32. Nd4 Be5 33. Be2 Bxd4 34. cxd4 Kf8 35. Kg2 Bc6+ 36. Kf1 Ke7 37. Bd3 Kd6 38. Ke2 Bd7 1/2-1/2

[Event "CZE-chT1E 1516"]
[Site "Czech Republic"]
[Date "2016.01.17"]
[Round "6.7"]
[White "Vechet, Stanislav"]
[Black "Zabystrzan, Pavel"]
[Result "1/2-1/2"]
[WhiteElo "2166"]
[BlackElo "2305"]
[PlyCount "65"]
[EventDate "2015.10.11"]
[EventType "team-tourn"]
[EventRounds "11"]
[EventCountry "CZE"]
[SourceTitle "CBM 170 Extra"]
[Source "ChessBase"]
[SourceDate "2016.02.25"]
[SourceVersion "1"]
[SourceVersionDate "2016.02.25"]
[SourceQuality "1"]
[WhiteTeam "Brno Moravska Slavia"]
[BlackTeam "Orlova Slavia"]
[WhiteTeamCountry "CZE"]
[BlackTeamCountry "CZE"]

1. d4 Nf6 2. c4 c5 3. d5 b5 4. cxb5 a6 5. bxa6 g6 6. Nc3 Bxa6 7. g3 d6 8. e4 Bxf1 9. Kxf1 Bg7 10. Nf3 Nbd7 11. Kg2 0-0 12. Qe2 Qb6 13. a4 Qa6 14. Re1 Rfb8 15. e5 Qxe2 16. Rxe2 Nxe5 17. Nxe5 dxe5 18. Rxe5 Kf8 19. Re2 Rb7 20. Be3 Nd7 21. Ra3 Rb4 22. Rc2 Bd4 23. a5 Ne5 24. b3 Bxe3 25. fxe3 c4 26. Rb2 cxb3 27. Raxb3 Rxb3 28. Rxb3 Rxa5 29. h3 f5 30. Kf2 Nd3+ 31. Kf3 Kf7 32. g4 Nc5 33. Rb4 1/2-1/2

[Event "Brno op"]
[Site "Brno"]
[Date "2015.08.30"]
[Round "9"]
[White "Vechet, Stanislav"]
[Black "Fiala, Vaclav"]
[Result "0-1"]
[WhiteElo "2168"]
[BlackElo "2241"]
[PlyCount "84"]
[EventDate "2015.08.23"]
[EventType "swiss"]
[EventRounds "9"]
[EventCountry "CZE"]
[SourceTitle "EXT 2016"]
[Source "ChessBase"]
[SourceDate "2015.10.08"]
[SourceVersion "1"]
[SourceVersionDate "2015.10.08"]
[SourceQuality "1"]

1. d4 d5 2. c4 e6 3. Nf3 c6 4. cxd5 exd5 5. Nc3 Bd6 6. Bg5 f6 7. Bd2 Bf5 8. Nh4 Be6 9. e3 Ne7 10. Bd3 Nd7 11. Qc2 g6 12. g3 a6 13. f4 c5 14. f5 Bf7 15. 0-0-0 g5 16. dxc5 Nxc5 17. Nf3 Nc6 18. Be2 Nb4 19. Qb1 d4 20. Nxd4 Be5 21. Rde1 0-0 22. Bf1 Rc8 23. h4 Bxd4 24. exd4 Nxa2+ 25. Qxa2 Bxa2 26. dxc5 Bd5 27. Rh2 Rxc5 28. hxg5 fxg5 29. Bd3 Bf7 30. Bc2 Re8 31. Ne4 Rxc2+ 32. Kxc2 Qc8+ 33. Bc3 Qxf5 34. Rf2 Qxe4+ 35. Rxe4 Rxe4 36. Rf5 Bg6 37. Rf6 Re3+ 38. Kd2 Rxg3 39. Rd6 Be4 40. Be5 Rf3 41. Rd7 Rf5 42. Bc3 Rd5+ 0-1